| 000 | 00685nam a22002177a 4500 | ||
|---|---|---|---|
| 999 |
_c58810 _d58810 |
||
| 005 | 20221105213751.0 | ||
| 008 | 220915s2018 enk||||| |||| 00| 0 eng d | ||
| 020 | _a9781493993215 1 | ||
| 041 | _aeng | ||
| 080 | _a612.1 H-10 | ||
| 245 |
_aHLA Typing: _bMethods and Protocols _cEdited by Sebastian Boegel. |
||
| 264 |
_aNew York : _bHumana Press, _c2018. |
||
| 300 |
_a287 p. _b26 cm. |
||
| 653 | _aმედიცინა | ||
| 653 | _aანტისხეულები | ||
| 653 | _aლეიკოციტები | ||
| 653 | _aмедицина | ||
| 653 | _aлейкоциты | ||
| 700 |
_a Boegel, Sebastian _eრედაქტორი _914609 |
||
| 942 |
_2udc _cBK |
||